000 00657nam a22002177a 4500
003 OSt
005 20260306054234.0
008 260306b |||||||| |||| 00| 0 eng d
020 _a0-07-239662-8.
040 _aDWCL Main lib
_cOC
082 _23rd ed.
_aCirc. 658 C771 2001
100 _aCook, Curtis W.
245 _aManagement and organizational behavior
_cCurtis W. Cook
250 _a3rd ed.
260 _aBoston :
_bMcGraw-Hill/Irwin,
_cc2001.
300 _axxxvii, various paging :
_bcol. ill.
_c; 26 cm.
504 _aIncludes index.
650 _aManagement.
650 _aOrganizational behavior.
942 _2ddc
_cBK-CIRC
_e3rd ed.
_kCirc.
_n0
999 _c8700
_d8700